Capitales des pays participant à la Coupe du Monde 2026 - Statistiques

Statistiques générales
  • Ce quiz a été pris 361 fois
    267 depuis la dernière actualisation
  • Le résultat moyen est 38 sur 48
Statistiques - réponses
Pays Capitale % Correct
Angleterre Londres
98%
Allemagne Berlin
97%
Belgique Bruxelles
96%
Algérie Alger
95%
Brésil Brasilia
95%
France Paris
95%
Espagne Madrid
94%
Australie Canberra
93%
Portugal Lisbonne
93%
Argentine Buenos Aires
92%
Corée du Sud Séoul
92%
Autriche Vienne
92%
Japon Tokyo
91%
États-Unis Washington
91%
Pays-Bas Amsterdam
90%
Mexique Mexico
90%
Norvège Oslo
90%
Suisse Berne
89%
Égypte Le Caire
89%
Canada Ottawa
89%
Afrique du Sud Pretoria | Le Cap | Bloemfontein
88%
Tunisie Tunis
88%
Croatie Zagreb
88%
Maroc Rabat
85%
Suède Stockholm
84%
Colombie Bogotá
82%
République Tchèque Prague
82%
Turquie Ankara
81%
Écosse Édimbourg
81%
Panama Panama
80%
Uruguay Montevideo
79%
Arabie Saoudite Riyad
78%
Qatar Doha
76%
Bosnie-Herzégovine Sarajevo
76%
Iran Téhéran
76%
Sénégal Dakar
74%
Irak Bagdad
73%
Nouvelle-Zélande Wellington
73%
République Démocratique du Congo Kinshasa
71%
Équateur Quito
65%
Côte d'Ivoire Yamoussoukro
62%
Haïti Port-au-Prince
61%
Paraguay Asunción
58%
Ghana Accra
48%
Jordanie Amman
45%
Ouzbékistan Tachkent
42%
Cap-Vert Praia
37%
Curaçao Willemstad
18%
Aucun quiz correspondant
Distribution des résultats
% des personnes avec chaque résultat
Percentile par nombre de réponses
Votre historique - résultats
Vous n’avez pas pris ce quiz depuis la dernière actualisation